| 000 | 00724 a2200241 4500 | ||
|---|---|---|---|
| 999 |
_c200001331 _d41422 |
||
| 001 | 200001331 | ||
| 003 | TR-AnTOB | ||
| 005 | 20230818164229.0 | ||
| 008 | 161108s2006 tu 000 0 | ||
| 020 | _a9758774379 | ||
| 040 |
_aTR-AnTOB _cTR-AnTOB |
||
| 041 | _atur | ||
| 050 | _aBD201 | ||
| 100 |
_aAçıköz, Hacı Mustafa, _d1962- _969216 |
||
| 245 | 1 | 0 |
_aSextus Empirikus ve şüphe : _bbir şüpheci portresi ve şüphe anotomisi / _cHacı Mustafa Açıkgöz. |
| 264 | 1 |
_aAnkara: _bElis, _c2006. |
|
| 300 |
_a287 s.; _c20 cm. |
||
| 490 | 0 | _aElis yayınları ; 38 Homo Skeptikus ve Akıl Hamaliyeliti Tarihi ; 3 | |
| 650 | 7 |
_aŞüphecilik _2etuturkob _969218 |
|
| 650 | 0 |
_aSkepticism _969217 |
|
| 942 |
_cBK _2lcc |
||